|
|
|
|
| LEADER |
00589nam a2200169 a 4500 |
| 005 |
20151215125147.0 |
| 008 |
821005s1978 ii b 000 0 eng |
| 082 |
0 |
0 |
|a 332.401
|b BHA
|
| 100 |
1 |
|
|a Bharadwaj, Krishna
|9 3513
|
| 245 |
1 |
0 |
|a Classical political economy and rise to dominance of supply and demand theories /
|
| 300 |
|
|
|a viii,88p
|
| 653 |
|
|
|a Political economy
|
| 942 |
|
|
|c TB
|6 _
|
| 260 |
|
|
|a Hyderabad
|b University
|c 1986
|
| 020 |
|
|
|a 8173710066
|
| 999 |
|
|
|c 98449
|d 98449
|
| 952 |
|
|
|0 0
|1 0
|2 ddc
|4 0
|6 332401_BHA
|7 0
|9 124048
|a SMS
|b SMS
|c GEN
|d 2009-11-05
|o 332.401 BHA
|p SMST10677
|r 2009-11-05
|w 2009-11-05
|y TB
|